Homing in on excellence (Record no. 102055)
[ view plain ]
| 000 -LEADER | |
|---|---|
| fixed length control field | 01055cam a2200229 4500 |
| 001 - CONTROL NUMBER | |
| control field | J117724 |
| 008 - FIXED-LENGTH DATA ELEMENTS--GENERAL INFORMATION | |
| fixed length control field | 020429n2002 000 0 eng u |
| 035 ## - SYSTEM CONTROL NUMBER | |
| System control number | (Sirsi) u117724 |
| 041 ## - LANGUAGE CODE | |
| Language code of text/sound track or separate title | eng. |
| 050 ## - LIBRARY OF CONGRESS CALL NUMBER | |
| Classification number | 690.8 |
| 110 ## - MAIN ENTRY--CORPORATE NAME | |
| Corporate name or jurisdiction name as entry element | Housing Forum |
| 9 (RLIN) | 3949 |
| 245 ## - TITLE STATEMENT | |
| Title | Homing in on excellence |
| Remainder of title | a commentary on the use of offsite fabrication methods for the UK housebuilding industry |
| Medium | [electronic resource] |
| 260 ## - PUBLICATION, DISTRIBUTION, ETC. | |
| Place of publication, distribution, etc. | London |
| Name of publisher, distributor, etc. | Housing Forum |
| Date of publication, distribution, etc. | 2002 |
| 300 ## - PHYSICAL DESCRIPTION | |
| Extent | 81p. |
| Dimensions | 30cm. |
| 520 ## - SUMMARY, ETC. | |
| Summary, etc. | This report looks at the range of opportunities offsite fabrication presents for housing design and construction, as well as guidance in avoiding potential pitfalls. Aims to encourage the wider adoption of such factory-based processes in delivering high quality houses to the UK market. |
| 650 ## - SUBJECT ADDED ENTRY--TOPICAL TERM | |
| Topical term or geographic name entry element | HOUSE BUILDING |
| 650 ## - SUBJECT ADDED ENTRY--TOPICAL TERM | |
| Topical term or geographic name entry element | HOUSING DESIGN |
| 650 ## - SUBJECT ADDED ENTRY--TOPICAL TERM | |
| Topical term or geographic name entry element | OFFSITE FABRICATION |
| 690 ## - LOCAL SUBJECT ADDED ENTRY--TOPICAL TERM (OCLC, RLIN) | |
| Topical term or geographic name as entry element | BUILT ENVIRONMENT |
| 856 ## - ELECTRONIC LOCATION AND ACCESS | |
| Uniform Resource Identifier | <a href="https://housingforum.org.uk/sites/default/files/hioe-280202.pdf">https://housingforum.org.uk/sites/default/files/hioe-280202.pdf</a> |
| Public note | View this item free of charge at housingforum.org.uk |
| 942 ## - ADDED ENTRY ELEMENTS (KOHA) | |
| Suppress in OPAC | 0 |
| Withdrawn status | Lost status | Source of classification or shelving scheme | Damaged status | Not for loan | Home library | Current library | Shelving location | Date acquired | Total Checkouts | Full call number | Barcode | Date last seen | Copy number | Price effective from | Koha item type | Date last checked out |
|---|---|---|---|---|---|---|---|---|---|---|---|---|---|---|---|---|
| Dewey Decimal Classification | Virtual | Virtual | Folio | 29/04/2002 | ONLINE PUBLICATION | 30065428 | 06/08/2019 | 1 | 06/08/2019 | Reference material | ||||||
| Dewey Decimal Classification | Virtual | Virtual | Folio | 29/04/2002 | 13 | ONLINE PUBLICATION | 30065820 | 06/08/2019 | 2 | 06/08/2019 | Book | 14/11/2006 |